Largest communities per Province of the Netherlands - Statistics

General Stats
  • This quiz has been taken 98 times
    60 since last reset
  • The average score is 35 of 60
Answer Stats
Population Community / Gemeente % Correct
870.373 Amsterdam
94%
650.866 Rotterdam
94%
234.291 Eindhoven
93%
357.949 Utrecht
93%
231.777 Groningen
91%
119.897 Maastricht
91%
545.845 's Gravenhage / Den Haag
89%
162.290 Haarlem
85%
219.736 Tilburg
85%
213.353 Almere
83%
183.802 Breda
83%
123.730 Leeuwarden
81%
176.926 Nijmegen
81%
155.347 's Hertogenbosch / Den Bosch
81%
109.757 Alkmaar
80%
68.842 Assen
80%
129.142 Zwolle
80%
161.745 Arnhem
78%
79.210 Lelystad
78%
159.082 Enschede
76%
164.025 Apeldoorn
74%
48.785 Middelburg
72%
157.471 Amersfoort
70%
107.069 Emmen
70%
123.985 Leiden
70%
101.826 Venlo
70%
86.955 Heerlen
67%
73.192 Almelo
59%
119.247 Dordrecht
59%
58.505 Roermond
57%
44.191 Vlissingen
57%
157.014 Zaanstad
57%
100.882 Deventer
56%
156.860 Haarlemmermeer
56%
81.050 Hengelo
56%
47.568 Noordoostpolder
56%
91.147 Sittard Geleen
56%
89.949 Sùdwest Fryslân
54%
125.171 Zoetermeer
54%
38.363 Goes
52%
117.492 Ede
50%
50.463 Heerenveen
48%
56.087 Smallingerland
44%
41.643 Dronten
43%
92.371 Helmond
43%
55.604 Hoogeveen
43%
33.992 Schouwen Duiveland
43%
54.453 Terneuzen
41%
64.836 Zeist
37%
66.822 Veenendaal
35%
22.631 Zeewolde
31%
65.081 Stichtse Vecht
20%
35.279 Coevorden
19%
59.533 Barneveld
17%
51.628 De Friese Meren
17%
60.680 Midden-Groningen
13%
38.213 Oldambt
11%
63.423 Westerkwartier
7%
47.852 Het Hogeland
6%
33.806 Tynarlo
6%
No matching quizzes found
Score Distribution
Percent of People with Each Score
Percentile by Number Answered
Your Score History
You have not taken this quiz since the last reset